Normal view
MARC view
- Criminal psychology
Entry Topical Term
001 - CONTROL NUMBER
- control field: 39966
003 - CONTROL NUMBER IDENTIFIER
- control field: OSt
005 - DATE AND TIME OF LATEST TRANSACTION
- control field: 20160511153524.0
008 - FIXED-LENGTH DATA ELEMENTS
- fixed length control field: 160511|| aca||babn | a|a d
040 ## - CATALOGING SOURCE
- Original cataloging agency: OSt
150 ## - HEADING--TOPICAL TERM
- Topical term or geographic name as entry element: Criminal psychology
450 ## - SEE FROM TRACING--TOPICAL TERM
- Topical term or geographic name entry element: Criminal psychiatry
450 ## - SEE FROM TRACING--TOPICAL TERM
- Topical term or geographic name entry element: Criminals
450 ## - SEE FROM TRACING--TOPICAL TERM
- Topical term or geographic name entry element: Psychology, Criminal
550 ## - SEE ALSO FROM TRACING--TOPICAL TERM
- Topical term or geographic name entry element: Criminal anthropology
550 ## - SEE ALSO FROM TRACING--TOPICAL TERM
- Topical term or geographic name entry element: Psychology
550 ## - SEE ALSO FROM TRACING--TOPICAL TERM
- Topical term or geographic name entry element: Psychology, Pathological